Normal view
MARC view
- I.C AMPLIFIER CIRCUITS AMPLIFIER CIRCUITS
Entry Topical Term
001 - CONTROL NUMBER
- control field: 62932
003 - CONTROL NUMBER IDENTIFIER
- control field: NUST
005 - DATE AND TIME OF LATEST TRANSACTION
- control field: 20210628203026.0
008 - FIXED-LENGTH DATA ELEMENTS
- fixed length control field: 210628|| aca||aabn | a|a d
040 ## - CATALOGING SOURCE
- Original cataloging agency: NUST
- Transcribing agency: NUST
150 ## - HEADING--TOPICAL TERM
- Topical term or geographic name entry element: I.C AMPLIFIER CIRCUITS AMPLIFIER CIRCUITS
670 ## - SOURCE DATA FOUND
- Source citation: Work cat.: (NUST): Imperial Books 62931, Transistor and i.c amplifier circuits , vol-2, 1996
